00844nam a2200229 i 4500001000400000100002600004245008800030260003700118300003800155505002000193600002500213650003600238651003500274651005400309651005100363655001600414020002900430040000800459041000800467008004100475856009800516bgj1 aWEINBERGER, Caspar W.10aFighting for peace :bseven critical years in the Pentagon /cCaspar W. Weinberger. aNew York :bWarner Books,c1990. aXIV, 464 pp, 8 l. phot. ;c24 cm. aIncludes index.19aWeinberger Caspar W. 9aCabinet officerszUnited States 9aUnited StatesxMilitary policy 9aUnited StatesxPolitics and governmenty1981-1989 9aUnited StatesxMilitaryxHistoryy20th century aBiographies a0446514810 (hbk, jacket) cBPK0 aeng s uk f |000 0 eng  uhttp://koha.tu.koszalin.pl/cgi-bin/koha/opac-detail.pl?biblionumber=47285yKatalog online BPK